000 00793cam a2200253 a 4500
001 198747
003 OSt
005 20260211111048.0
008 990211s1993 za f000 0 eng
010 _a 98980999
040 _aDLC
_cDLC
_dDLC
042 _alcode
043 _af-za---
050 0 0 _aRA643.86.Z33
_bZ366 1993a
082 0 0 _a362.1969
_221
_bROB
110 _aWorld Council of Churches
_98
245 1 4 _aA Window into Hope :
_bAn Invitation to Faith in the Context of HIV and AIDS
_cWorld Council of Churches
260 _aGeneva, SwitzerlaND
_bThe Programme,
_c2009
300 _a251 p. ;
_c30 cm.
504 _aContains a Bibliography
650 0 _aAIDS (Disease) in adolescence
_zZambia
_xPrevention.
906 _a7
_bcbc
_corigode
_d3
_encip
_f19
_gy-gencatlg
942 _cBK
_2ddc
999 _c4087
_d4087